The Linux Kernel Module Programming Guide (E-BOOK) (Record no. 191229)
[ view plain ]
| 000 -LEADER | |
|---|---|
| fixed length control field | 00782 a2200145 4500 |
| 003 - CONTROL NUMBER IDENTIFIER | |
| control field | Nust |
| 005 - DATE AND TIME OF LATEST TRANSACTION | |
| control field | 20170207154011.0 |
| 040 ## - CATALOGING SOURCE | |
| Transcribing agency | Nust |
| 082 ## - DEWEY DECIMAL CLASSIFICATION NUMBER | |
| Classification number | 005.43 |
| 100 ## - MAIN ENTRY--PERSONAL NAME | |
| Personal name | Jay Salzman, Peter |
| 245 ## - TITLE STATEMENT | |
| Title | The Linux Kernel Module Programming Guide (E-BOOK) |
| Remainder of title | Peter Jay Salzman |
| 300 ## - PHYSICAL DESCRIPTION | |
| Extent | 73 p |
| 505 ## - FORMATTED CONTENTS NOTE | |
| Formatted contents note | Chapter 1. Introduction 2 Chapter 2. Hello World 5 Chapter 3. Preliminaries 14 Chapter 4. Character Device Files 19 Chapter 5. The /proc File System25 Chapter 6. Using /proc For Input 29 Chapter 7. Talking To Device Files. 35 Chapter 8. System Calls 45 Chapter 9. Blocking Processes 50 Chapter 10. Replacing Printks 57 Chapter 11. Scheduling Tasks 59 Chapter 12. Interrupt Handlers 63 Chapter 13. Symmetric Multi Processing 67 Chapter 14. Common Pitfalls 68 |
| 650 ## - SUBJECT ADDED ENTRY--TOPICAL TERM | |
| Topical term or geographic name entry element | E-BOOK |
| 942 ## - ADDED ENTRY ELEMENTS (KOHA) | |
| Source of classification or shelving scheme | |
| Koha item type | Book |
| Withdrawn status | Lost status | Source of classification or shelving scheme | Damaged status | Not for loan | Collection code | Permanent Location | Current Location | Date acquired | Total Checkouts | Full call number | Barcode | Date last seen | Price effective from | Koha item type |
|---|---|---|---|---|---|---|---|---|---|---|---|---|---|---|
| Military College of Signals (MCS) | Military College of Signals (MCS) | 12/12/2016 | 005.43 PET | MCSEB-628 | 12/08/2016 | 12/12/2016 | Book | |||||||
| Military College of Signals (MCS) | Military College of Signals (MCS) | 12/12/2016 | 005.43 PET | MCSEB-646 | 12/08/2016 | 12/12/2016 | Book | |||||||
| Military College of Signals (MCS) | Military College of Signals (MCS) | 12/12/2016 | 005.43 PET | MCSEB-663 | 12/08/2016 | 12/12/2016 | Book |
